[Event "CHI-ch sf"]
[Site "Vina del Mar"]
[Date "2022.02.11"]
[Round "4"]
[White "Rivera Sarmiento, Andres Misael"]
[Black "Ramirez Camilla, Agustin"]
[Result "1-0"]
[WhiteElo "1884"]
[BlackElo "1682"]
[PlyCount "105"]
[EventDate "2022.02.08"]
[EventType "swiss"]
[EventRounds "8"]
[EventCountry "CHI"]
[SourceTitle "CBM 207 Extra"]
[Source "ChessBase"]
[SourceDate "2022.05.31"]
[SourceVersion "1"]
[SourceVersionDate "2022.05.31"]
[SourceQuality "1"]

1. c4 Nf6 2. Nf3 e6 3. Nc3 d5 4. cxd5 Nxd5 5. g3 Be7 6. Bg2 b6 7. 0-0 Bb7 8. a3 c5 9. Re1 Nc6 10. d4 Nxd4 11. Nxd4 cxd4 12. Qxd4 Nxc3 13. Qxd8+ Rxd8 14. Bxb7 Nd5 15. e4 Nf6 16. Bc6+ Nd7 17. Rd1 Bf6 18. f4 e5 19. g4 exf4 20. Bxf4 Bxb2 21. Ra2 Bc3 22. Rc2 Ba5 23. Bxd7+ Ke7 24. Rc7 b5 25. Bd6+ Kf6 26. Rf1+ Kg6 27. Bf5+ Kh6 28. Bf4+ g5 29. Rc6+ Kg7 30. Be5+ Kg8 31. Bf6 Re8 32. Rd1 Bb6+ 33. Kg2 h5 34. Bxh8 Kxh8 35. Rh6+ Kg7 36. Rxh5 Bc5 37. Rd5 Bxa3 38. Rxb5 Bc1 39. Rb7 Rd8 40. Rh7+ Kg8 41. Rbxf7 Rd2+ 42. Kf1 Rd1+ 43. Ke2 Rd2+ 44. Ke1 Rd6 45. Rxa7 Bd2+ 46. Ke2 Ba5 47. Rxa5 Rd8 48. Raa7 Rb8 49. Rag7+ Kf8 50. Rxg5 Rb2+ 51. Kf3 Rb8 52. e5 Ke8 53. Rg8# 1-0

[Event "Antofagasta"]
[Site "Antofagasta"]
[Date "2016.05.21"]
[Round "5"]
[White "Garmendia Vega, Gabriel"]
[Black "Rivera Sarmiento, Andres Misael"]
[Result "1-0"]
[WhiteElo "2078"]
[BlackElo "1896"]
[PlyCount "119"]
[EventDate "2016.05.19"]
[EventType "tourn"]
[EventRounds "7"]
[EventCountry "CHI"]
[SourceTitle "EXT 2024"]
[Source "ChessBase"]
[SourceDate "2023.10.10"]
[SourceVersion "1"]
[SourceVersionDate "2023.10.10"]
[SourceQuality "1"]

1. e4 c5 2. Nf3 e6 3. c3 d5 4. exd5 exd5 5. d4 c4 6. b3 cxb3 7. axb3 Bd6 8. Bd3 Ne7 9. 0-0 Nbc6 10. Re1 Bg4 11. Bg5 a6 12. Bh4 Qc7 13. Bg3 Bxg3 14. hxg3 h6 15. Nbd2 0-0 16. Nf1 Rfe8 17. Ne3 Bh5 18. g4 Bg6 19. Bxg6 fxg6 20. Qd3 Qf4 21. Nh4 Qf6 22. g3 Rf8 23. f4 g5 24. Nhf5 gxf4 25. gxf4 Rad8 26. Nxe7+ Nxe7 27. Ng2 Ng6 28. f5 Nh4 29. Re6 Qg5 30. Nxh4 Qxh4 31. Qf3 Qg5 32. Rae1 h5 33. R6e5 hxg4 34. Qe3 Qh4 35. Kg2 Qh3+ 36. Qxh3 gxh3+ 37. Kxh3 Rf6 38. Kg4 Rc6 39. Re8+ Rxe8 40. Rxe8+ Kf7 41. Rd8 b5 42. Rd7+ Kf6 43. Rxd5 Rxc3 44. Rd6+ Ke7 45. Rxa6 Rxb3 46. Kf4 Rb1 47. Re6+ Kd7 48. Rg6 Rd1 49. Ke5 Re1+ 50. Kd5 Re7 51. Rb6 Rf7 52. Ke5 Re7+ 53. Kf4 Kc7 54. Rxb5 Kc6 55. Re5 Rd7 56. Ke4 Rf7 57. Re6+ Kd7 58. Ra6 Re7+ 59. Kd5 Ke8 60. Re6 1-0

[Event "Antofagasta"]
[Site "Antofagasta"]
[Date "2016.05.20"]
[Round "2"]
[White "Rivera Sarmiento, Andres Misael"]
[Black "Rivera Cerezo, Julio Cesar"]
[Result "1-0"]
[WhiteElo "1896"]
[BlackElo "1856"]
[PlyCount "113"]
[EventDate "2016.05.19"]
[EventType "tourn"]
[EventRounds "7"]
[EventCountry "CHI"]
[SourceTitle "EXT 2024"]
[Source "ChessBase"]
[SourceDate "2023.10.10"]
[SourceVersion "1"]
[SourceVersionDate "2023.10.10"]
[SourceQuality "1"]

1. c4 e5 2. Nc3 Nf6 3. e4 Bb4 4. Nge2 d6 5. h3 Nc6 6. g3 Nd4 7. Bg2 Be6 8. d3 Qd7 9. a3 Ba5 10. b4 Bb6 11. Nd5 Nxe2 12. Nxb6 axb6 13. Qxe2 h6 14. g4 Ng8 15. f4 f6 16. f5 Bf7 17. 0-0 Ne7 18. Be3 Nc6 19. Qf2 Qe7 20. h4 Nd4 21. Bxd4 exd4 22. Qxd4 Qe5 23. Qe3 c5 24. bxc5 dxc5 25. Rab1 Rxa3 26. Rfc1 0-0 27. Rxb6 Rd8 28. Bf1 Ra2 29. Be2 Rda8 30. Rxb7 Rxe2 31. Qxe2 Qg3+ 32. Kh1 Qh3+ 33. Qh2 Qf3+ 34. Qg2 Qxd3 35. Rxf7 Kxf7 36. e5 Rd8 37. e6+ Kg8 38. e7 Re8 39. Qd5+ Qxd5+ 40. cxd5 Rxe7 41. Rxc5 Rd7 42. Kg2 Kf7 43. Kf3 Ke7 44. Ke4 Ra7 45. Kd4 Kd7 46. Rc6 Ra4+ 47. Rc4 Ra7 48. Rb4 Rc7 49. Rb8 Kd6 50. Rb6+ Kd7 51. Ra6 Rb7 52. Kc5 Rc7+ 53. Rc6 Rb7 54. d6 Ra7 55. Kd5 Ra5+ 56. Rc5 Ra7 57. Rc7+ 1-0

[Event "Antofagasta"]
[Site "Antofagasta"]
[Date "2016.05.19"]
[Round "1"]
[White "Jorquera Castillo, Gabriel"]
[Black "Rivera Sarmiento, Andres Misael"]
[Result "1-0"]
[WhiteElo "1927"]
[BlackElo "1896"]
[PlyCount "125"]
[EventDate "2016.05.19"]
[EventType "tourn"]
[EventRounds "7"]
[EventCountry "CHI"]
[SourceTitle "EXT 2024"]
[Source "ChessBase"]
[SourceDate "2023.10.10"]
[SourceVersion "1"]
[SourceVersionDate "2023.10.10"]
[SourceQuality "1"]

1. e4 c5 2. Nf3 e6 3. d4 cxd4 4. Nxd4 a6 5. Bd3 Qc7 6. a3 b5 7. Nc3 Bb7 8. Qe2 Nc6 9. Nxc6 Bxc6 10. Be3 Nf6 11. f4 d6 12. 0-0 Be7 13. Kh1 h5 14. h3 h4 15. Rf3 Qb7 16. Bf2 d5 17. Re1 dxe4 18. Nxe4 0-0-0 19. a4 Nxe4 20. Bxe4 Bxe4 21. Qxe4 Qxe4 22. Rxe4 Rd2 23. Rc3+ Kb7 24. Be1 Rd1 25. axb5 axb5 26. Rb3 Kc6 27. Kh2 g5 28. Bb4 Bxb4 29. Rexb4 Rd5 30. c4 bxc4 31. Rxc4+ Kd6 32. Rb6+ Ke7 33. Rb7+ Kf6 34. Rbb4 Rg8 35. fxg5+ Rdxg5 36. Rf4+ Ke5 37. Rf2 f5 38. Rxh4 Kf6 39. Rc4 e5 40. Rc6+ Ke7 41. b4 f4 42. Re2 Kd7 43. b5 Rb8 44. Rd2+ Ke7 45. b6 e4 46. Rc7+ Ke6 47. b7 Rb5 48. Rd4 Ke5 49. Rcc4 e3 50. Rxf4 Rb3 51. Rce4+ Kd5 52. Re7 R8xb7 53. Re8 Rg7 54. g4 Rc7 55. Kg3 Rc2 56. Rf3 Kd4 57. g5 Rc5 58. Kf4 Rcb5 59. Re4+ Kd3 60. Rfxe3+ Kd2 61. Re5 R3b4+ 62. R3e4 Rxe5 63. Rxb4 1-0

[Event "Antofagasta Zicosur op 2nd"]
[Site "Antofagasta"]
[Date "2016.01.09"]
[Round "7"]
[White "Rivera Sarmiento, Andres Misael"]
[Black "Rocca, Cristian"]
[Result "1/2-1/2"]
[WhiteElo "1895"]
[BlackElo "2083"]
[PlyCount "65"]
[EventDate "2016.01.05"]
[EventType "swiss"]
[EventRounds "9"]
[EventCountry "CHI"]
[SourceTitle "CBM 170 Extra"]
[Source "ChessBase"]
[SourceDate "2016.02.25"]
[SourceVersion "1"]
[SourceVersionDate "2016.02.25"]
[SourceQuality "1"]

1. e4 e6 2. d4 d5 3. e5 c5 4. c3 Nc6 5. Nf3 Bd7 6. a3 Rc8 7. Bd3 b5 8. 0-0 cxd4 9. cxd4 Qb6 10. Be3 b4 11. Nbd2 Na5 12. Ng5 Bb5 13. Qf3 Nh6 14. Bxb5+ Qxb5 15. Rac1 Nc6 16. Qh5 g6 17. Qf3 Bg7 18. Rc5 Qa6 19. Rfc1 0-0 20. Qh3 Rfe8 21. Ndf3 bxa3 22. bxa3 Ne7 23. g4 Qxa3 24. Kg2 Rxc5 25. Rxc5 Qd3 26. Nxe6 fxe6 27. Bxh6 Bxh6 28. Qxh6 Qe4 29. Kg3 Qd3 30. Kg2 Qe4 31. Kg3 Qd3 32. Kg2 Qe4 33. Kg3 1/2-1/2